| 000 | 01142nam a2200277Ia 4500 | ||
|---|---|---|---|
| 999 |
_c3656 _d3656 |
||
| 003 | OSt | ||
| 005 | 20200514130904.0 | ||
| 008 | 191128s2012 wauad gr 000 0dspa d | ||
| 020 | _a9780821395226 | ||
| 040 |
_aCO-JMCR _cCO-JMCR |
||
| 041 | 0 | _aeng | |
| 082 | 0 | 4 |
_a307.76 / _bS187c _223 |
| 100 | 1 |
_aSamad, Taimur, _eeditor _94352 |
|
| 245 | 1 | 0 |
_aColombia urbanization review : _bamplifying the gains from the urban transition / _ceditores, Taimur Samad, Nancy Lozano-Garcia, Alexandra Panman |
| 260 |
_aWashington : _bWorld Bank, _c2012 |
||
| 300 |
_a217 páginas : _b graficos a blanco y negro ; _c23 cm. |
||
| 504 | _aIncluye bibliografía al final de cada capítulo | ||
| 505 | _aAmplifying the gains from urbanization -- Competitiveness and connectivity across the Colombian urban system -- Interjurisdictional coordination -- Infrastructure finance | ||
| 546 | _ainglés | ||
| 650 | 1 | 4 |
_aUrbanización _zColombia _94353 |
| 650 | 2 | 4 |
_aPolítica urbana _zColombia _94354 |
| 650 | 2 | 4 |
_aUrbanismo _zColombia _94355 |
| 700 | 1 |
_aLozano-Gracia, Nancy, _eeditora _94356 |
|
| 700 | 1 |
_aPanman, Alexandra, _eeditora _94357 |
|
| 942 |
_2ddc _cBK |
||